000 00598nam a2200217Ia 4500
005 20250508164755.0
008 008 250505s9999 xx 000 0 eng d
020 _a978-0-205-59352-1
037 _aTextual
040 _aFEDL
_beng
_cFEDL
041 _aeng
_2eng
084 _a372.83, CHA
_qFEDL
100 _aChapin June R
_9779138
245 0 _aElementary social studies: A practical guide
250 _a7th
260 _aBoston, USA
_bPearson Education
_c2009
300 _axi,340p.
365 _aUSD
_b101.47
942 _cTEXL
_h372.83, CHA
999 _c1391058
_d1391058